Налог на доходы физических лиц: комментарий (постатейный) к главе 23 НК РФ, с примерами и заполнением отчетных форм

Podrobná bibliografie
Další autoři: Акимова В. М. (составитель)
Shrnutí:Исключено из фонда НТБ ТПУ
Jazyk:ruština
Vydáno: Москва, Статус-Кво 97, 2009
Edice:Комментарии к Налоговому кодексу N 43, 2009
Médium: MixedMaterials Kniha
KOHA link:https://koha.lib.tpu.ru/cgi-bin/koha/opac-detail.pl?biblionumber=168378

MARC

LEADER 00000nam0a2200000 4500
001 168378
005 20231031163107.0
010 |a 17273935  |z 1727-3935 
035 |a (RuTPU)RU\TPU\book\182690 
090 |a 168378 
100 |a 20091028d2009 m y0rusy50 ca 
101 0 |a rus 
102 |a RU 
105 |a y z 000zy 
200 1 |a Налог на доходы физических лиц  |e комментарий (постатейный) к главе 23 НК РФ, с примерами и заполнением отчетных форм  |f сост. В. М. Акимова 
210 |a Москва  |c Статус-Кво 97  |d 2009 
215 |a 400 с. 
225 1 |a Комментарии к Налоговому кодексу  |v N 43, 2009 
333 |a Исключено из фонда НТБ ТПУ 
702 1 |a Акимова  |b В. М.  |4 220 
801 1 |a RU  |b 63413507  |c 20091028 
801 2 |a RU  |b 63413507  |c 20220621  |g RCR 
942 |c BK